Регионална библиотека "Любен Каравелов" - Русе

Лешникотрошачката (Запис номер 106753)

MARC детайли
000 -Лидер
Контролно поле с фиксирана дължина 01470nam a2200349 c 4500
003 - Код на организацията, давaща контролен номер
Контролно поле BLK
005 - Дата и час на последна редакция
Контролно поле 20250218094409.0
008 - Елементи от данни с фиксирана дължина
fixed length control field 180409b bul|||||r ||||||| ||bul||
010 ## - Наследен системен номер
LC control number KNG00112017000
020 ## - Международен стандартен номер на книга ISBN
Международен стандартен номер на книга ISBN 954-657-285-3
-- издат.: ПАН
040 ## - Източник на каталожния запис
Идентификатор на билиотеката - собственик на записа BLK
041 ## - Код за език
Код за езика на текст/звукозапис или на отделно заглавие Български
Код за езика КДБФ Български
080 ## - УДК
Текстов определител УДК Немска литература
УДК код - определител по УДК 821.112.2
УДК определител -93-34
УДК - код + определител 821.112.2-93-34
100 ## - Редна дума - Автор
Автор Хофман, Ернст Теодор Амадеус
Дати, свързани с автора 1776-1822
Автор - информация (биография) Немски писател, композитор, диригент, художник.
R(LIN) 367399
139 ## - Редно поле
Редна дума Хофман, Ернст Теодор Амадеус
Авторски знак Хоф - Х 71
245 10 - Сведения за заглавието
Заглавие Лешникотрошачката
Подзаглавни данни Приказка
Редно поле (дума) Ернст Теодор Амадеус Хофман; прев. Десислава Лазарова.
257 ## - Страна на издаване
Страна на създаване/издаване Германия
260 ## - Област на издателските данни
-- София
Име на издателя, разпространителя и проч. ПАН
Година на издаване 2004
Печатница София : Балкан прес
300 ## - Физическа характеристика
Страници 96 с.
Размери/Мащаб 20 см
380 ## - Жанр
Жанр Детска худож. лит.
500 ## - Общи забележки
Забележка Ориг. загл. Marchen / Ernst Theodor Amadeus Hoffmann. - Офс. изд.
653 ## - Ключова дума – ненормативна
Ключова дума приказки
653 ## - Ключова дума – ненормативна
Ключова дума литература за деца
653 ## - Ключова дума – ненормативна
Ключова дума детска литература
700 1# - Други автори (авторска отговорност)
Лично име Лазарова, Десислава
Автороска отговорност (Описва отношението между автора и произведението) прев.
9 (RLIN) 364570
852 ## - Местоположение
Форматна сигнатура Цб 218787
856 4# - Електронен адрес и достъп
Електронен формат pdf - файл
Път до файла /url/
856 4# - Електронен адрес и достъп
Електронен формат pdf - файл
Път до файла /url/
942 ## - АРТИКУЛИ
Вид на библиотечния материал Книги
Скрит в OPAC Не
Koha issues (borrowed), all copies 7
944 ## - СЪЗДАВАНЕ И РЕДАКЦИЯ на ЗАПИСА
Създаване/Редакция Създаване
Дата на регистрацията/редакция 30.03.2004
Служител, извършил регистрацията/редакцията 30560
Статус, дата на статуса Геновева Генчева
944 ## - СЪЗДАВАНЕ И РЕДАКЦИЯ на ЗАПИСА
Създаване/Редакция Редакция
Дата на регистрацията/редакция 26.02.2016
Служител, извършил регистрацията/редакцията Нора_Радева
999 ## - СИСТЕМНИ КОНТРОЛНИ НОМЕРА
Koha biblionumber 106753
Koha biblioitemnumber 106753
Наличности
Код за отписване Код за изгубен артикул Код за повреда Коз за рестрикции Код за отдаване Артикулен № Име на библиотеката - собственик Име на библиотеката, в която се намира в момента Статус (Текущо местоположение) Дата на вписване в системата Местоположение - отдел Цена в лева Инвентарен номер Систематично азбучна сигнатура Баркод Номер на екземпляра Цена в евро Служебна бележка Служебен тип на артикула
  Не е изгубен Не е повреден без рестрикции заемане за дома 172251 Регионална библиотека "Любен Каравелов" Русе Регионална библиотека "Любен Каравелов" Русе Детски отдел 2004-03-30 Детски отдел 1.72 120000684158 Д 820/899/Х 71 120000684158 1 0.88 Дост: Pk Вид: Ф N: 11249 Дата: 18.03.2004 Дата инв: 14.08.2015 Бележки инв: Д2015 Книги
  Не е изгубен Не е повреден без рестрикции заемане за дома 172252 Регионална библиотека "Любен Каравелов" Русе Регионална библиотека "Любен Каравелов" Русе Детски отдел 2004-03-30 Детски отдел 1.72 120000684159 Д 820/899/Х 71 120000684159 2 0.88 Дост: Pk Вид: Ф N: 11249 Дата: 18.03.2004 Дата инв: 11.08.2015 Бележки инв: Д2015 Книги
  Не е изгубен Не е повреден без рестрикции заемане за дома 172253 Регионална библиотека "Любен Каравелов" Русе Регионална библиотека "Любен Каравелов" Русе Детски отдел 2004-03-30 Детски отдел 1.72 120000684160 Д 820/899/Х 71 120000684160 3 0.88 Дост: Pk Вид: Ф N: 11249 Дата: 18.03.2004 Дата инв: 11.08.2015 Бележки инв: Д2015 Книги
Vip Innovations Ltd, Rousse, Bulgaria 2025